000 00624nam a2200241Ia 4500
003 OSt
005 20221005133433.0
006 a|||||r|||| 00| 0
007 ta
008 221004b |||||||| |||| 00| 0 eng d
024 _a67786
037 _cTextual
040 _aCRL
_cCRL
_beng
041 _2eng
_aeng
082 _aX9J.1.N6, K6
110 _aUnited States Information Service (New Delhi)
245 0 _aWorld food problem
260 _c1966
650 _aECONOMICS
700 _aUnited States Information Service (New Delhi)
942 _hX9J.1.N6, K6
_cTEXL
_2cc
999 _c1066838
_d1066838